000
00311nam a2200109Ia 4500
008
220203s9999 xx 000 0 und d
100
_a
N. Latha
245
0
_a
Tapping Panel Dryness: An Annotated Bibliography
260
_b
Rubber Research Institute of India
_a
Kottayam
_c
2005
700
_a
Mercy Jose
942
_c
PN
999
_c
45025
_d
45025